000
00361nam a2200133Ia 4500
008
231129s2002||||xx |||||||||||||| ||spa||
020
_a
958-33-3548-7
082
_a
ER- 256
100
_a
Eje Cafetero.
245
0
_a
Las "mulas" del Eje Cafetero
260
_c
2002
264
_a
[s.l.]: Litomaster 2002
942
_2
ddc
_c
BKS
999
_c
18553
_d
18553